Normal view
MARC view
- Success Psychology
Entry Topical Term
001 - CONTROL NUMBER
- control field: 91595
003 - CONTROL NUMBER IDENTIFIER
- control field: NUST
005 - DATE AND TIME OF LATEST TRANSACTION
- control field: 20220516150915.0
008 - FIXED-LENGTH DATA ELEMENTS
- fixed length control field: 220516|| aca||aabn | a|a d
040 ## - CATALOGING SOURCE
- Original cataloging agency: NUST
- Transcribing agency: NUST
150 ## - HEADING--TOPICAL TERM
- Topical term or geographic name entry element: Success Psychology
670 ## - SOURCE DATA FOUND
- Source citation: Work cat.: (NUST): Vetly, Denis 91594, Khuvabun se haqeeqat tak /
